000 00665nam a2200241Ia 4500
003 OSt
005 20220918214413.0
006 a|||||r|||| 00| 0
007 ta
008 220917b |||||||| |||| 00| 0 eng d
024 _a137,294
037 _cTextual
040 _aARTS
_cARTS
_beng
041 _2eng
_aeng
082 _aXM2wM88, M0
100 _aCohen Stephen GF
_9131200
245 0 _aBukharin and the Bolshevik revolution
_b a political biography 1888-1938
260 _aOxford
_bOUP
_c1980
300 _axxix,498p.
_ccm.
650 _aECONOMICS
942 _hXM2wM88, M0
_cTEXL
_2CC
999 _c260378
_d260378